00481 2200205 4500001002100000008004100021035002000062245004200082100001700124250000600141260003300147300001100180084001400191082000800205650001400213990001200227990001200239990001200251990001200263INLIS000000000000538 ind  a0010-0424000514 aKreasi Lukis Pada BusanacNovi Kurnia aKurnia, Novi a1 aKlaten :bIntan Sejatic2011 a75 hlm a600 NOV k a600 aNon Fiksi a0722180 a0722181 a0722182 a0722183